00811 a2200169 4500020001800000082002000018100002600038245003000064260003700094300001000131500001800141520043300159650000800592650001400600650001000614650001700624 a9781316603710 a340.0954bRAN-B aRankin, George Claus  aBackground To Indian Law  bCambridge University Pressc2016 a232p. aInclude Index aOriginally published in 1946, this book was written to provide British lawyers with a guide to the legal processes of India, particularly those lawyers engaging with Indian law for the first time. The text is divided into two main parts: civil law and criminal law. A list of cases cited is included at the end of the text. This book will be of value to anyone with an interest in the development of Indian law and legal history aLaw aCivil law aIndia aCriminal law